[Event "World Junior Championship"]
[Site "Yerevan ARM"]
[Date "2007.10.09"]
[EventDate "2007.10.03"]
[Round "7"]
[Result "0-1"]
[White "Wesley So"]
[Black "Ahmed Adly"]
[WhiteElo "2531"]
[BlackElo "2494"]
[PlyCount "158"]

1. e4 c5 2. Nf3 d6 3. d4 cxd4 4. Nxd4 Nf6 5. Nc3 a6 6. f4 e6
7. Qf3 Nbd7 8. g4 h6 9. Bd3 Qb6 10. Nb3 Qc7 11. h4 h5 12. g5
Ng4 13. g6 fxg6 14. Bd2 Be7 15. e5 O-O 16. Qe2 dxe5 17. Bxg6
Ndf6 18. Bxh5 Nxh5 19. Qxg4 Nf6 20. Qg5 exf4 21. Bxf4 Qc6
22. Rg1 Rf7 23. Qg2 Qxg2 24. Rxg2 Ne4 25. Bg5 Bxg5 26. hxg5
Nxc3 27. bxc3 e5 28. O-O-O Bf5 29. Re1 Re8 30. Nd2 Rc7 31. Re3
Rc5 32. Nb3 Rd5 33. g6 Rd6 34. Rg5 Rf6 35. Nd4 Bxg6 36. Rexe5
Kh7 37. Rxe8 Bxe8 38. Re5 Bf7 39. a4 g6 40. Kd2 Kh6 41. Re7 b6
42. a5 bxa5 43. Re5 a4 44. Ra5 g5 45. Rxa4 g4 46. Ke3 g3
47. Nf3 g2 48. Ra1 Bc4 49. Rg1 Bd5 50. Rxg2 Bxf3 51. Rh2+ Kg7
52. Rh4 a5 53. Rc4 Bc6 54. Rc5 a4 55. Ra5 Kf7 56. Kd2 Ke6
57. Kc1 Kd6 58. Kb2 Rf2 59. Ra7 Kc5 60. Ra5+ Kd6 61. Ra7 Re2
62. Ra5 Kc7 63. Rc5 Kb6 64. Rc4 Kb5 65. Rb4+ Ka5 66. Rh4 Be4
67. Rh5+ Kb6 68. Rh6+ Kc5 69. Rh5+ Kc4 70. Rh4 Rxc2+ 71. Ka3
Re2 72. Rg4 Kc5 73. Kxa4 Bd5 74. Ka5 Rc2 75. Rh4 Rxc3 76. Rg4
Rh3 77. Rf4 Rh8 78. Rf6 Be4 79. Re6 Bc6 0-1

[Event "World Junior Championship"]
[Site "Yerevan ARM"]
[Date "2007.10.13"]
[EventDate "2007.10.03"]
[Round "10"]
[Result "0-1"]
[White "Wesley So"]
[Black "Abhijeet Gupta"]
[WhiteElo "2531"]
[BlackElo "2470"]
[PlyCount "76"]

1. e4 c5 2. Nf3 d6 3. d4 cxd4 4. Nxd4 Nf6 5. Nc3 Nc6 6. Bg5 e6
7. Qd2 a6 8. O-O-O Bd7 9. f4 b5 10. Bxf6 gxf6 11. Kb1 Qb6
12. Nxc6 Bxc6 13. Qe1 Be7 14. f5 Qc5 15. Bd3 a5 16. fxe6 fxe6
17. Ne2 b4 18. Nf4 Qe5 19. Rf1 Rc8 20. Qh4 a4 21. Qh5+ Qxh5
22. Nxh5 O-O 23. Rd2 Be8 24. Nf4 Bf7 25. Bb5 Rc5 26. Bxa4 Re5
27. Rd4 f5 28. exf5 Rxf5 29. Rfd1 e5 30. Nd5 Bg5 31. R4d3 e4
32. Rg3 Bxd5 33. h4 e3 34. Bb5 Be4 35. Ba6 Rf2 36. Rc1 e2
37. Rxg5+ Kh8 38. Bxe2 Rxe2 0-1

[Event "World Junior Championship"]
[Site "Yerevan ARM"]
[Date "2007.10.14"]
[EventDate "2007.10.03"]
[Round "11"]
[Result "1-0"]
[White "Gogineni Rohit"]
[Black "Wesley So"]
[WhiteElo "2491"]
[BlackElo "2531"]
[PlyCount "81"]

1. e4 c5 2. Nf3 e6 3. b3 b6 4. c4 Bb7 5. Nc3 Nc6 6. g3 Nf6
7. Bg2 Nd4 8. O-O Nxf3+ 9. Bxf3 Bd6 10. d4 cxd4 11. Qxd4 Qb8
12. Bb2 Be5 13. Qd2 h5 14. Rad1 h4 15. Nb5 hxg3 16. fxg3 O-O
17. Nd6 Bxd6 18. Qxd6 Qxd6 19. Rxd6 Bxe4 20. Bxf6 Bxf3
21. Bxg7 Kxg7 22. Rxf3 Rfd8 23. Rfd3 Rac8 24. Rxd7 Rxd7
25. Rxd7 a6 26. a4 b5 27. cxb5 axb5 28. axb5 Rb8 29. Rd2 Rxb5
30. Rb2 e5 31. Kf2 Kf6 32. b4 e4 33. Ke3 Ke5 34. h3 f6 35. Rb3
f5 36. Rb2 f4+ 37. gxf4+ Kf5 38. Rb3 Rb8 39. b5 Rh8 40. Ke2
Kxf4 41. b6 1-0

[Event "World Junior Championship"]
[Site "Yerevan ARM"]
[Date "2007.10.15"]
[EventDate "2007.10.03"]
[Round "12"]
[Result "1/2-1/2"]
[White "Tamas Banusz"]
[Black "Wesley So"]
[WhiteElo "2491"]
[BlackElo "2531"]
[PlyCount "128"]

1. d4 Nf6 2. c4 e6 3. Nf3 b6 4. g3 Ba6 5. Qb3 Nc6 6. Nbd2 d5
7. Bg2 Bd6 8. cxd5 exd5 9. Ne5 Na5 10. Qa4+ c6 11. O-O O-O
12. Re1 c5 13. Ndf3 Qe8 14. Qd1 cxd4 15. Nd3 Nc6 16. Bf4 Qd7
17. Bxd6 Qxd6 18. Nf4 Qb4 19. Rc1 Bb7 20. Rc2 Rfe8 21. Qd2 Re7
22. a3 Qa4 23. Rec1 Ne4 24. Qd3 Nc5 25. Qf5 g6 26. Qg5 Ne4
27. Qh4 Rd7 28. Ng5 Nxg5 29. Qxg5 d3 30. Rd2 Nd4 31. Rxd3 Re8
32. e3 Ne6 33. Nxe6 fxe6 34. Qe5 Rf7 35. Bh3 Qe4 36. Qxe4 dxe4
37. Rd4 Kg7 38. Bg2 e5 39. Rd2 Ree7 40. Kf1 Ba6+ 41. Ke1 Bd3
42. Bf1 Bxf1 43. Kxf1 Rc7 44. Rdc2 Rxc2 45. Rxc2 Kf6 46. Rc4
Kf5 47. h3 h5 48. Ke2 Rd7 49. a4 Rd3 50. g4+ hxg4 51. hxg4+
Kf6 52. b4 Ra3 53. b5 Ke6 54. Rc6+ Kd5 55. Rxg6 Rxa4 56. g5
Ra1 57. Rc6 Rg1 58. g6 a6 59. Rxb6 axb5 60. Rxb5+ Ke6 61. f4
exf3+ 62. Kxf3 Kf5 63. e4+ Kxg6 64. Rxe5 Kf6 1/2-1/2

[Event "World Junior Championship"]
[Site "Yerevan ARM"]
[Date "2007.10.16"]
[EventDate "2007.10.03"]
[Round "13"]
[Result "1-0"]
[White "Wesley So"]
[Black "Giorgi Margvelashvili"]
[WhiteElo "2531"]
[BlackElo "2451"]
[PlyCount "99"]

1. e4 c6 2. d4 d5 3. Nc3 dxe4 4. Nxe4 Bf5 5. Ng3 Bg6 6. h4 h6
7. Nf3 Nd7 8. h5 Bh7 9. Bd3 Bxd3 10. Qxd3 e6 11. Bf4 Ngf6
12. O-O-O Be7 13. Ne4 Nxe4 14. Qxe4 Nf6 15. Qe2 Qd5 16. c4 Qe4
17. Qxe4 Nxe4 18. Be3 O-O 19. Ne5 Rfc8 20. g4 b5 21. f3 Ng5
22. c5 Rc7 23. f4 Ne4 24. Kc2 Rd8 25. b4 Nf6 26. a4 a6
27. axb5 axb5 28. Ra1 Nd5 29. Bd2 Bf6 30. Nf3 Be7 31. g5 f6
32. g6 Bf8 33. Rhe1 Re7 34. Ra6 Rc8 35. Kd3 Kh8 36. Nh2 Kg8
37. Ng4 Ree8 38. Ra7 Rc7 39. Rxc7 Nxc7 40. f5 exf5 41. Rxe8
Nxe8 42. Ne3 f4 43. Nf5 Nc7 44. Bxf4 Nd5 45. Bd2 Be7 46. Ne3
Kf8 47. Ke4 Nxe3 48. Bxe3 Ke8 49. Kf5 Kd7 50. Bxh6 1-0

[Event "2nd MAIG-Team Standard chess"]
[Site "Macau"]
[Date "2007.10.28"]
[EventDate "2007.10.28"]
[Round "1.7"]
[Result "1-0"]
[White "Wesley So"]
[Black "Keshav Shrestha"]
[WhiteElo "2531"]
[BlackElo "2149"]
[PlyCount "105"]

1. e4 e5 2. Bc4 Nc6 3. Nc3 Nf6 4. d3 Bc5 5. f4 d6 6. Nf3 a6
7. Nd5 Be6 8. Nxf6+ gxf6 9. f5 Bxc4 10. dxc4 h5 11. c3 a5
12. a4 Qe7 13. Qe2 Qf8 14. Bd2 h4 15. h3 Qg7 16. O-O-O O-O-O
17. Nh2 Qf8 18. Kb1 Kb8 19. Ng4 Qe7 20. Be1 Rdg8 21. Rd3 Rg7
22. b3 Kc8 23. g3 hxg3 24. Rxg3 Rgh7 25. Rd3 Rg7 26. h4 Rhg8
27. Rg3 Nb8 28. h5 Nd7 29. h6 Rh7 30. Bd2 Qf8 31. Qg2 Rgh8
32. Rh4 c6 33. Nh2 Kc7 34. Rg7 Qb8 35. Kc2 b5 36. cxb5 cxb5
37. axb5 Qxb5 38. Qf1 Qxf1 39. Nxf1 Kd8 40. Rhg4 Ke7 41. Rxh7
Rxh7 42. Rg8 Bf2 43. b4 axb4 44. cxb4 d5 45. exd5 Nb6 46. Kd3
Nxd5 47. Nh2 Bh4 48. Ng4 Bg5 49. Bxg5 fxg5 50. b5 Kd7 51. Rg7
Rh8 52. Nxe5+ Ke7 53. Ng6+ 1-0

[Event "2nd MAIG-Team Standard chess"]
[Site "Macau"]
[Date "2007.10.29"]
[EventDate "2007.10.28"]
[Round "3.3"]
[Result "1/2-1/2"]
[White "Wesley So"]
[Black "Mohamad Al-Modiahki"]
[WhiteElo "2531"]
[BlackElo "2572"]
[PlyCount "58"]

1. e4 c5 2. Nf3 Nc6 3. d4 cxd4 4. Nxd4 g6 5. c4 Nf6 6. Nc3
Nxd4 7. Qxd4 d6 8. Bg5 Bg7 9. Qd2 O-O 10. Bd3 a5 11. b3 a4
12. b4 Be6 13. Rc1 Rc8 14. Nd5 Bxd5 15. exd5 b5 16. Bxf6 exf6
17. O-O bxc4 18. Bxc4 Qb6 19. a3 f5 20. g3 Rc7 21. Rc2 h5
22. Be2 Rfc8 23. Rfc1 Kh7 24. Qd1 Bb2 25. Rxc7 Rxc7 26. Rxc7
Qxc7 27. Qxa4 Qc1+ 28. Kg2 Bxa3 29. Qd7 Kg7 1/2-1/2

[Event "2nd MAIG-Team Standard chess"]
[Site "Macau"]
[Date "2007.10.30"]
[EventDate "2007.10.28"]
[Round "5.4"]
[Result "1/2-1/2"]
[White "Wesley So"]
[Black "Murtas Kazhgaleyev"]
[WhiteElo "2531"]
[BlackElo "2588"]
[PlyCount "103"]

1. e4 e5 2. Nf3 Nc6 3. Nc3 Nf6 4. d4 exd4 5. Nxd4 Bb4 6. Nxc6
bxc6 7. Bd3 O-O 8. O-O d5 9. exd5 cxd5 10. Bg5 c6 11. Qf3 Re8
12. h3 Rb8 13. Ne2 Be7 14. Nd4 Bd7 15. Rfe1 h6 16. Bh4 Rb4
17. c3 Rxb2 18. Nf5 Bxf5 19. Qxf5 Ne4 20. Bxe4 g6 21. Bxe7
Qxe7 22. Qf4 dxe4 23. Qxh6 Qf6 24. Qe3 Rd8 25. Rad1 Rxd1
26. Rxd1 Rxa2 27. Qd4 Qf5 28. Re1 c5 29. Qd8+ Kg7 30. Qh4 Qe5
31. Qxe4 Qxc3 32. Qe5+ Qxe5 33. Rxe5 Ra1+ 34. Kh2 Ra5 35. Re4
Rb5 36. g4 a5 37. Ra4 Kf6 38. Kg3 Ke5 39. h4 Kd5 40. h5 gxh5
41. gxh5 c4 42. h6 Kd4 43. Kg4 Rb1 44. Rxa5 Rg1+ 45. Kf4 c3
46. Ra7 c2 47. Rd7+ Kc3 48. Rc7+ Kd2 49. h7 Rh1 50. Rd7+ Ke2
51. Rc7 Kd2 52. Rd7+ 1/2-1/2

[Event "2nd PGMA CUP INTERNATIONAL OPE"]
[Site "Duty Free Fiesta Mall, Parana"]
[Date "2007.11.23"]
[EventDate "2007.11.22"]
[Round "2.5"]
[Result "1/2-1/2"]
[White "Richard Bitoon"]
[Black "Wesley So"]
[WhiteElo "2402"]
[BlackElo "2531"]
[PlyCount "76"]

1. e4 c5 2. Nf3 Nc6 3. d4 cxd4 4. Nxd4 Nf6 5. Nc3 e5 6. Ndb5
d6 7. Bg5 a6 8. Na3 b5 9. Nd5 Be7 10. Bxf6 Bxf6 11. c3 O-O
12. Nc2 Bg5 13. a4 bxa4 14. Rxa4 a5 15. Bc4 Rb8 16. b3 Kh8
17. Nce3 g6 18. O-O f5 19. Be2 Be6 20. Ra3 fxe4 21. Bc4 Rb7
22. Qe2 Rbf7 23. Nd1 Bf5 24. b4 axb4 25. Nxb4 Rc7 26. Bd5 Nxb4
27. cxb4 Rc8 28. Bxe4 Be6 29. Nc3 Qb6 30. Nd5 Bxd5 31. Bxd5
Qxb4 32. Rf3 Qc5 33. Qd3 Be7 34. g3 Rxf3 35. Bxf3 Rf8 36. Rd1
Rf6 37. Rd2 Kg7 38. Kg2 Rf8 1/2-1/2

[Event "Dubai Open"]
[Site "Dubai UAE"]
[Date "2008.04.13"]
[EventDate "2008.04.07"]
[Round "8"]
[Result "1/2-1/2"]
[White "Ehsan Ghaem Maghami"]
[Black "Wesley So"]
[WhiteElo "2604"]
[BlackElo "2540"]
[PlyCount "40"]

1. c4 c5 2. Nf3 Nc6 3. d4 cxd4 4. Nxd4 Nf6 5. Nc3 e6 6. a3 Be7
7. e4 O-O 8. Nf3 b6 9. Be2 Bb7 10. O-O Qc7 11. Bg5 Rad8
12. Rc1 Qb8 13. Re1 d6 14. Bf1 Ne5 15. Nd4 Ng6 16. h4 h6
17. h5 Ne5 18. Bf4 Rfe8 19. Bg3 Rc8 20. b3 Qa8 1/2-1/2

[Event "Japfa Match"]
[Site "Jakarta INA"]
[Date "2008.04.18"]
[EventDate "2008.04.17"]
[Round "2"]
[Result "0-1"]
[White "Susanto Megaranto"]
[Black "Wesley So"]
[WhiteElo "2561"]
[BlackElo "2540"]
[PlyCount "72"]

1. e4 c5 2. Nf3 Nc6 3. Bb5 e6 4. O-O Nge7 5. Re1 Nd4 6. Nxd4
cxd4 7. d3 a6 8. Ba4 Nc6 9. Bf4 Be7 10. Nd2 O-O 11. Bxc6 bxc6
12. e5 c5 13. Qg4 Kh8 14. Ne4 Bb7 15. Qh5 Qb6 16. b3 f6 17. f3
Bd5 18. exf6 gxf6 19. Ng3 Rg8 20. Nf5 Bf8 21. Qf7 Qd8 22. Kh1
Bc6 23. Ng3 Rg6 24. Ne4 e5 25. Bg3 Qe7 26. Qxe7 Bxe7 27. Bh4
Rag8 28. g4 Kg7 29. Bg3 Kf7 30. Rg1 R6g7 31. Raf1 d6 32. Rf2
h5 33. Kg2 hxg4 34. fxg4 Rxg4 35. Kf3 f5 36. Ke2 Ke6 0-1

[Event "Japfa Match"]
[Site "Jakarta INA"]
[Date "2008.04.18"]
[EventDate "2008.04.17"]
[Round "3"]
[Result "1-0"]
[White "Wesley So"]
[Black "Susanto Megaranto"]
[WhiteElo "2540"]
[BlackElo "2561"]
[PlyCount "113"]

1. e4 d5 2. exd5 Qxd5 3. Nc3 Qa5 4. d4 c6 5. Nf3 Nf6 6. Bc4
Bf5 7. Bd2 e6 8. Nd5 Qd8 9. Nxf6+ gxf6 10. c3 Nd7 11. Nh4 Bg6
12. Qf3 Qc7 13. O-O Bd6 14. g3 O-O-O 15. a4 f5 16. a5 a6
17. Rfe1 Nf6 18. Bg5 Be7 19. Ng2 Ne4 20. Bxe7 Qxe7 21. Nf4 e5
22. dxe5 Rd2 23. Re2 Rhd8 24. h4 h5 25. e6 Rxe2 26. Bxe2 Qf6
27. exf7 Bxf7 28. Qe3 Re8 29. Qa7 Rg8 30. Kh2 Rd8 31. Bd3 Nd2
32. Rd1 Ne4 33. Re1 Bd5 34. Re2 Qf7 35. f3 Nd6 36. Nxd5 Qxd5
37. Qe3 Qxa5 38. Qe5 Qxe5 39. Rxe5 b5 40. b4 Rf8 41. Re7 Rh8
42. Kg2 Rh6 43. Kf2 Kd8 44. Ra7 Kc8 45. Ke3 Re6+ 46. Kf4 Re1
47. Rxa6 Kb7 48. Ra2 Kb6 49. Rc2 c5 50. Bxf5 c4 51. Bg6 Kc6
52. Bxh5 Nc8 53. Bg6 Kd6 54. h5 Ne7 55. Be4 Rh1 56. g4 Ke6
57. Kg5 1-0

[Event "Japfa Match"]
[Site "Jakarta INA"]
[Date "2008.04.19"]
[EventDate "2008.04.17"]
[Round "4"]
[Result "1/2-1/2"]
[White "Susanto Megaranto"]
[Black "Wesley So"]
[WhiteElo "2561"]
[BlackElo "2540"]
[PlyCount "89"]

1. e4 c5 2. Nf3 Nc6 3. Bb5 e6 4. O-O Nge7 5. Re1 Nd4 6. Nxd4
cxd4 7. d3 a6 8. Ba4 Nc6 9. Nd2 Be7 10. Qh5 O-O 11. Nf3 b5
12. Bb3 Qb6 13. Bg5 f6 14. Bd2 Bb7 15. Nh4 Qc5 16. Qg4 Kh8
17. Qh3 Qh5 18. g4 Qe8 19. f4 g5 20. fxg5 fxg5 21. Nf3 Qg6
22. Rf1 Qg7 23. Qg3 Bf6 24. Rf2 Be5 25. Nxe5 Rxf2 26. Kxf2
Nxe5 27. Ke2 Rf8 28. Rf1 Rxf1 29. Kxf1 Qf6+ 30. Ke2 d5
31. exd5 Bxd5 32. Bxd5 exd5 33. h3 Kg7 34. Qf2 Qxf2+ 35. Kxf2
Kf6 36. Bb4 Kg6 37. Bc5 Nc6 38. b4 h6 39. a3 Kf7 40. Kg3 Kg7
41. h4 Kf7 42. h5 Ke8 43. Kf3 Ne5+ 44. Kg3 Nc6 45. Kf3 1/2-1/2

[Event "Japfa Match"]
[Site "Jakarta INA"]
[Date "2008.04.19"]
[EventDate "2008.04.17"]
[Round "5"]
[Result "0-1"]
[White "Wesley So"]
[Black "Susanto Megaranto"]
[WhiteElo "2540"]
[BlackElo "2561"]
[PlyCount "64"]

1. e4 Nc6 2. Nf3 d6 3. d4 Bg4 4. Nc3 e6 5. Be3 Nf6 6. h3 Bh5
7. d5 exd5 8. exd5 Bxf3 9. Qxf3 Ne5 10. Qe2 h5 11. O-O-O Be7
12. f4 Ned7 13. g3 c5 14. Bg2 O-O 15. g4 b5 16. g5 Nh7
17. Qxh5 b4 18. Ne4 Qa5 19. Kb1 Rab8 20. f5 Rfe8 21. Bf4 c4
22. Bxd6 Nhf6 23. gxf6 Nxf6 24. Qh4 Nxe4 25. Bxe7 Nc3+ 26. Kc1
b3 27. cxb3 cxb3 28. axb3 Qa1+ 29. Kc2 Nxd1 30. Rxd1 Rbc8+
31. Kd2 Qxb2+ 32. Ke1 Qxg2 0-1

[Event "Japfa Match"]
[Site "Jakarta INA"]
[Date "2008.04.20"]
[EventDate "2008.04.17"]
[Round "6"]
[Result "1/2-1/2"]
[White "Susanto Megaranto"]
[Black "Wesley So"]
[WhiteElo "2561"]
[BlackElo "2540"]
[PlyCount "134"]

1. e4 c5 2. Nf3 Nc6 3. Bb5 Nf6 4. Nc3 Qc7 5. O-O Nd4 6. Re1 a6
7. Bf1 e5 8. d3 Be7 9. Bg5 d6 10. Nd2 Bg4 11. f3 Be6 12. Nc4
h6 13. Bxf6 Bxf6 14. Ne3 O-O 15. Ncd5 Qd8 16. c3 Nc6 17. g3 g6
18. Bg2 Bg7 19. f4 exf4 20. gxf4 Kh7 21. Qf3 Qh4 22. Qg3 Qxg3
23. hxg3 b5 24. a4 b4 25. a5 Rab8 26. Nc4 bxc3 27. bxc3 Bxd5
28. exd5 Na7 29. Re7 Bxc3 30. Rf1 Nb5 31. f5 gxf5 32. Rxf5 Kg6
33. Rf1 Bf6 34. Rd7 Rfd8 35. Bh3 Rxd7 36. Bxd7 Nc3 37. Bc6 Be7
38. Re1 Bf8 39. Nb6 Na2 40. g4 Nb4 41. Bd7 Kg5 42. Re3 Bg7
43. Kg2 Bd4 44. Rf3 f6 45. Be6 Nc2 46. Kh3 Ne3 47. Bc8 c4
48. dxc4 Bxb6 49. axb6 Nxc4 50. Bxa6 Nxb6 51. Bd3 Nd7 52. Bh7
h5 53. Rf5+ Kh6 54. Rxh5+ Kg7 55. Bf5 Nf8 56. Kg3 Rb2 57. Rh1
Rd2 58. Ra1 Rxd5 59. Ra7+ Kg8 60. Kf4 Re5 61. g5 fxg5+
62. Kxg5 Re1 63. Kf6 Rf1 64. Rg7+ Kh8 65. Rb7 Kg8 66. Kg5 Rg1+
67. Kf6 Rf1 1/2-1/2

[Event "ASEAN Masters Chess Circuit 2008"]
[Site "Tarakan, Indonesia"]
[Date "2008.01.12"]
[EventDate "2008.01.12"]
[Round "5"]
[Result "1-0"]
[White "Wesley So"]
[Black "Susanto Megaranto"]
[WhiteElo "2526"]
[BlackElo "2563"]
[PlyCount "89"]

1. e4 Nf6 2. e5 Nd5 3. d4 d6 4. c4 Nb6 5. exd6 exd6 6. Nc3 Be7
7. Bd3 Nc6 8. Nge2 Bg4 9. Be3 Qd7 10. O-O Nb4 11. b3 Nxd3
12. Qxd3 d5 13. c5 Nc8 14. Ng3 Bh4 15. f3 Be6 16. Nh5 O-O
17. Qd2 Bd8 18. Rae1 f6 19. Re2 Bf7 20. Nf4 Ne7 21. Rfe1 Nc6
22. Bf2 Be7 {#} 23. b4 a6 24. a4 Rfe8 25. b5 axb5 26. axb5 Na5
27. Ncxd5 Bxd5 28. Nxd5 Qxd5 29. Rxe7 Rxe7 30. Rxe7 Nb3
31. Qc3 Ra1+ 32. Re1 Rxe1+ 33. Qxe1 Kf7 34. Qc3 Ke6 35. h4 h5
36. Be3 Kd7 37. Qc2 f5 38. Qc3 g6 39. Bf2 Qe6 40. Bg3 Qd5
41. Be5 c6 42. bxc6+ Kxc6 43. Qb4 Nc1 44. Qb6+ Kd7 45. Qxg6
1-0

[Event "ASEAN Masters Circuit GMA"]
[Site "Tarakan INA"]
[Date "2008.01.14"]
[EventDate "2008.01.08"]
[Round "6"]
[Result "1/2-1/2"]
[White "Tirto Tirto"]
[Black "Wesley So"]
[WhiteElo "2413"]
[BlackElo "2526"]
[PlyCount "21"]

1. e4 c5 2. Nf3 Nc6 3. Bb5 e6 4. O-O Nge7 5. Re1 Nd4 6. Bf1
Nec6 7. c3 Nxf3+ 8. Qxf3 Be7 9. d3 O-O 10. Qg3 Kh8 11. Nd2
1/2-1/2

[Event "ASEAN Masters Circuit GMA"]
[Site "Tarakan INA"]
[Date "2008.01.19"]
[EventDate "2008.01.08"]
[Round "11"]
[Result "1/2-1/2"]
[White "Muhammad Ivan Situru"]
[Black "Wesley So"]
[WhiteElo "2375"]
[BlackElo "2526"]
[PlyCount "65"]

1. e4 c5 2. Nf3 Nc6 3. Bb5 e6 4. O-O Nge7 5. Re1 Nd4 6. Bf1
Nec6 7. d3 Nxf3+ 8. Qxf3 g6 9. e5 Bg7 10. Qg3 O-O 11. Na3 f6
12. f4 fxe5 13. fxe5 Rf5 14. Nc4 Qf8 15. d4 cxd4 16. Bd3 Rf7
17. a4 b6 18. b3 Ba6 19. Ba3 Qb8 20. Bd6 Qe8 21. h4 Bxc4
22. bxc4 Ne7 23. Qg4 Nf5 24. h5 Bh6 25. hxg6 hxg6 26. Bxf5
Rxf5 27. Qxd4 Qf7 28. Rf1 Rf4 29. Qd3 Qf5 30. Rxf4 Bxf4
31. Rf1 Qxd3 32. cxd3 Be3+ 33. Kh2 1/2-1/2

[Event "ASEAN Masters Circuit GMA"]
[Site "Tarakan INA"]
[Date "2008.01.13"]
[EventDate "2008.01.08"]
[Round "1"]
[Result "1-0"]
[White "Wesley So"]
[Black "Hamed Nouri"]
[WhiteElo "2526"]
[BlackElo "2404"]
[PlyCount "91"]

1. e4 c5 2. Nf3 e6 3. d4 cxd4 4. Nxd4 a6 5. Bd3 g6 6. O-O Bg7
7. Nb3 Ne7 8. c4 Nbc6 9. Nc3 O-O 10. Be2 d6 11. Bf4 e5 12. Be3
Be6 13. Qd2 f5 14. f3 b6 15. Rad1 Nc8 16. exf5 gxf5 17. f4 Ra7
18. Qe1 Rd7 19. Nd5 N6e7 20. Qf2 Bxd5 21. cxd5 b5 22. fxe5
Bxe5 23. Nd4 Bxd4 24. Bxd4 Ng6 25. a4 bxa4 26. Bxa6 Qg5
27. Rc1 Nce7 28. Bb5 Rb7 29. Bc6 Rc7 30. Rc3 f4 31. Bb6 Rcc8
32. Bd7 Rxc3 33. Be6+ Kg7 34. bxc3 Ne5 35. Bc7 Rf6 36. h4 Qg3
37. Bxd6 N7g6 38. h5 Nc4 39. Qxg3 fxg3 40. h6+ Kxh6 41. Rxf6
Nxd6 42. Bf7 Ne4 43. Ra6 Kg7 44. Bxg6 hxg6 45. d6 Kf7 46. d7
1-0

[Event "ASEAN Masters Circuit GMA"]
[Site "Tarakan INA"]
[Date "2008.01.15"]
[EventDate "2008.01.08"]
[Round "7"]
[Result "1-0"]
[White "Wesley So"]
[Black "Barlo A Nadera"]
[WhiteElo "2526"]
[BlackElo "2417"]
[PlyCount "57"]

1. e4 e6 2. d4 d5 3. Nc3 Bb4 4. e5 c5 5. a3 Ba5 6. b4 cxb4
7. Nb5 Nc6 8. axb4 Bxb4+ 9. c3 Be7 10. Ba3 a6 11. Bxe7 Ngxe7
12. Nd6+ Kf8 13. Bd3 Qc7 14. Qh5 Nd8 15. Ne2 Bd7 16. O-O Nc8
17. Nxc8 Rxc8 18. f4 Qb6 19. Rab1 Qa7 20. Kh1 b5 21. f5 exf5
22. Bxf5 Rc6 23. Nf4 Rxc3 24. e6 Bc6 25. Rbe1 Qxd4 26. e7+ Ke8
27. exd8=N+ Kxd8 28. Qxf7 Qf6 29. Ne6+ 1-0

[Event "ASEAN Masters Circuit GMA"]
[Site "Tarakan INA"]
[Date "2008.01.16"]
[EventDate "2008.01.08"]
[Round "8"]
[Result "1-0"]
[White "Wesley So"]
[Black "Nasib Ginting"]
[WhiteElo "2526"]
[BlackElo "2393"]
[PlyCount "73"]

1. e4 c5 2. Nf3 d6 3. d4 cxd4 4. Nxd4 Nf6 5. Nc3 Nc6 6. Bg5 e6
7. Qd2 Be7 8. O-O-O Nxd4 9. Qxd4 O-O 10. f4 Qa5 11. h4 Rd8
12. Qe3 h6 13. Be2 Bd7 14. Qg3 Kh8 15. e5 dxe5 16. fxe5 Ng8
17. Qf4 Be8 18. Bd3 f6 19. exf6 Bxf6 20. Bxf6 Nxf6 21. g4 e5
22. Qf1 Bc6 23. g5 Ng8 24. Rg1 e4 25. gxh6 Nxh6 26. Qg2 Nf5
27. Bxe4 Rxd1+ 28. Rxd1 Ne3 29. Qg6 Bxe4 30. Nxe4 Rc8 31. c3
Nxd1 32. Ng5 Rxc3+ 33. Kb1 Rc1+ 34. Kxc1 Qc5+ 35. Kb1 Nc3+
36. bxc3 Qb5+ 37. Ka1 1-0

[Event "ASEAN Masters Circuit GMA"]
[Site "Tarakan INA"]
[Date "2008.01.18"]
[EventDate "2008.01.08"]
[Round "10"]
[Result "1/2-1/2"]
[White "Wesley So"]
[Black "Hafizulhelmi Mas"]
[WhiteElo "2526"]
[BlackElo "2382"]
[PlyCount "108"]

1. e4 c5 2. Nf3 d6 3. d4 cxd4 4. Nxd4 Nf6 5. Nc3 a6 6. Bg5 e6
7. f4 Qb6 8. Qd2 Nc6 9. Bxf6 gxf6 10. Nb3 Bd7 11. O-O-O O-O-O
12. Kb1 h5 13. Be2 Kb8 14. Rhf1 Be7 15. Rf3 Rdg8 16. Bf1 Rc8
17. Qe2 Na5 18. Rh3 h4 19. Qe1 Nxb3 20. axb3 Qc5 21. Rxh4 f5
22. Rxh8 Rxh8 23. Bd3 fxe4 24. Nxe4 Qh5 25. Be2 Qxh2 26. Nxd6
Bxd6 27. Rxd6 Qxg2 28. Qc3 Rc8 29. Qe5 f6 30. Qe3 Rc7 31. Bc4
Qh1+ 32. Ka2 Qh7 33. c3 Qe7 34. Qb6 Rc6 35. Rxc6 Bxc6 36. Bxa6
e5 37. fxe5 Qxe5 38. Bc4 f5 39. b4 f4 40. b5 Bd7 41. Qd8+ Bc8
42. Bd5 Qc7 43. Qxc7+ Kxc7 44. Bf3 Kb6 45. c4 Kc5 46. b3 Kd4
47. Ka3 Ke3 48. Bd5 f3 49. Kb4 f2 50. Bg2 Bg4 51. c5 Kd4
52. c6 bxc6 53. bxc6 Bf3 54. c7 Bxg2 1/2-1/2

[Event "2008 Olympiad"]
[Site "Dresden GER"]
[Date "2008.11.14"]
[EventDate "2008.11.13"]
[Round "2"]
[Result "1/2-1/2"]
[White "Kamel Sebih"]
[Black "Wesley So"]
[WhiteElo "2295"]
[BlackElo "2610"]
[PlyCount "65"]

1. d4 Nf6 2. c4 e6 3. Nf3 b6 4. g3 Ba6 5. b3 Bb4+ 6. Bd2 Be7
7. Bg2 O-O 8. Ne5 c6 9. O-O Bb7 10. Bc3 d6 11. Nd3 d5 12. Nd2
Nbd7 13. Rc1 Rc8 14. e4 dxe4 15. Nxe4 Rc7 16. Qe2 Qa8 17. Rfd1
Nxe4 18. Bxe4 Rd8 19. Rc2 Nf6 20. Bg2 Rcd7 21. Ne5 Rd6
22. Rcd2 c5 23. Bxb7 Qxb7 24. dxc5 Rxd2 25. Rxd2 Rxd2 26. Qxd2
bxc5 27. f3 Qc7 28. Kg2 h6 29. Nd3 Nd7 30. Qe3 Qd6 31. Qe4 f5
32. Qa8+ Kf7 33. Nf2 1/2-1/2

[Event "2008 Olympiad"]
[Site "Dresden GER"]
[Date "2008.11.16"]
[EventDate "2008.11.13"]
[Round "4"]
[Result "1/2-1/2"]
[White "Ioannis Papaioannou"]
[Black "Wesley So"]
[WhiteElo "2597"]
[BlackElo "2610"]
[PlyCount "39"]

1. d4 d5 2. Nf3 Nf6 3. c4 c6 4. e3 a6 5. Qc2 Bg4 6. Nbd2 e6
7. Bd3 Nbd7 8. b3 Bxf3 9. Nxf3 Bb4+ 10. Ke2 Qe7 11. Bb2 Ba3
12. Bc3 Bb4 13. Bb2 Ba3 14. Bc3 Bb4 15. Bb2 Ba3 16. Bxa3 Qxa3
17. b4 dxc4 18. Bxc4 Qxb4 19. Rab1 Qa3 20. Ra1 1/2-1/2

[Event "2008 Olympiad"]
[Site "Dresden GER"]
[Date "2008.11.22"]
[EventDate "2008.11.13"]
[Round "9"]
[Result "1/2-1/2"]
[White "Zbynek Hracek"]
[Black "Wesley So"]
[WhiteElo "2613"]
[BlackElo "2610"]
[PlyCount "45"]

1. e4 c5 2. Nf3 e6 3. c3 Nf6 4. e5 Nd5 5. d4 cxd4 6. cxd4 d6
7. Bc4 Nb6 8. Bd3 dxe5 9. dxe5 N8d7 10. O-O Nc5 11. Bc2 Qxd1
12. Rxd1 Bd7 13. Nc3 Rc8 14. Nd4 Be7 15. b3 O-O 16. Bb2 Rfd8
17. g3 f6 18. exf6 gxf6 19. Rac1 Kf7 20. Nf3 Bc6 21. Nd4 Bd7
22. Nf3 Bc6 23. Nd4 1/2-1/2

[Event "2008 Olympiad"]
[Site "Dresden GER"]
[Date "2008.11.23"]
[EventDate "2008.11.13"]
[Round "10"]
[Result "0-1"]
[White "Kamel Njili"]
[Black "Wesley So"]
[WhiteElo "2350"]
[BlackElo "2610"]
[PlyCount "93"]

1. e4 c5 2. Nf3 Nc6 3. d4 cxd4 4. Nxd4 g6 5. Nc3 Bg7 6. Be3
Nf6 7. Nxc6 bxc6 8. e5 Ng8 9. Bd4 f6 10. f4 Qa5 11. Bc4 fxe5
12. fxe5 Bxe5 13. O-O Bxd4+ 14. Qxd4 Qb6 15. Qxb6 axb6
16. Bf7+ Kd8 17. Bxg8 Rxg8 18. Rf7 d5 19. Re1 d4 20. Ne2 c5
21. a3 Ra7 22. Nf4 Bf5 23. Nd5 Bxc2 24. Nxb6 d3 25. Rf2 Bb3
26. Re3 c4 27. Rf4 e5 28. Rxe5 d2 29. Rd5+ Kc7 30. Rxc4+ Bxc4
31. Nxc4 Rd8 32. Rxd2 Rxd2 33. Nxd2 Kc6 34. Kf2 Rb7 35. b3 Re7
36. h4 Kd5 37. Nc4 Kd4 38. Na5 Re3 39. a4 Rc3 40. b4 Ra3
41. Nc6+ Kd5 42. Ne7+ Ke6 43. Nc6 Rxa4 44. Kg3 h5 45. b5 Kd6
46. Nd8 Rb4 47. Nf7+ 0-1

[Event "2008 Olympiad"]
[Site "Dresden GER"]
[Date "2008.11.25"]
[EventDate "2008.11.13"]
[Round "11"]
[Result "1/2-1/2"]
[White "Ruben Felgaer"]
[Black "Wesley So"]
[WhiteElo "2591"]
[BlackElo "2610"]
[PlyCount "58"]

1. e4 c5 2. Nf3 e6 3. d4 cxd4 4. Nxd4 Nf6 5. Nc3 Qb6 6. Nb3
Bb4 7. Bd3 Bxc3+ 8. bxc3 d6 9. Ba3 Nbd7 10. O-O O-O 11. e5
dxe5 12. Bxf8 Kxf8 13. Re1 Qc7 14. Qd2 b6 15. Rad1 Bb7 16. Bb5
Nc5 17. Nxc5 Qxc5 18. Qd6+ Qxd6 19. Rxd6 Rc8 20. Rxe5 Rxc3
21. Rd8+ Ke7 22. Rb8 Bd5 23. Re2 Ne4 24. Re8+ Kf6 25. Rd8 Nc5
26. Rc8 Ne4 27. Rd8 Nc5 28. Rc8 Ne4 29. Rd8 Ke5 1/2-1/2